000 00343 a2200157 4500
001 182594
020 _a
040 _cMagnum
100 _aMárquez, Gabriel García
240 1 0 _aCem anos de solidão
_lpor
245 1 0 _aCem anos de solidão
300 _a383
362 0 _a2003
697 _aLITERATURA GERAL ESTRANGEIRA
942 _cBK
999 _c182594
_d182594